Whose cosmopolitanism? (Record no. 621928)

MARC details
000 -LEADER
fixed length control field 00845nam a2200241Ia 4500
003 - CONTROL NUMBER IDENTIFIER
control field OSt
005 - DATE AND TIME OF LATEST TRANSACTION
control field 20220926012146.0
008 - FIXED-LENGTH DATA ELEMENTS--GENERAL INFORMATION
fixed length control field 220923b |||||||| |||| 00| 0 eng d
020 ## - INTERNATIONAL STANDARD BOOK NUMBER
International Standard Book Number 9781782384458
037 ## - SOURCE OF ACQUISITION
Terms of availability General Book
040 ## - CATALOGING SOURCE
Original cataloging agency RTL
Transcribing agency RTL
Language of cataloging eng
041 ## - LANGUAGE CODE
Source of code eng
Language code of text/sound track or separate title eng
100 ## - MAIN ENTRY--PERSONAL NAME
Personal name SCHILLER Nina Glick
9 (RLIN) 315657
245 #0 - TITLE STATEMENT
Title Whose cosmopolitanism?
Remainder of title Critical perspectives, relationalities and discontents.
260 ## - PUBLICATION, DISTRIBUTION, ETC.
Place of publication, distribution, etc. New York
Name of publisher, distributor, etc. Berghahn
Date of publication, distribution, etc. 2015
300 ## - PHYSICAL DESCRIPTION
Extent viii, 253p.
Dimensions cm.
700 ## - ADDED ENTRY--PERSONAL NAME
Personal name IRVING Andrew
9 (RLIN) 315658
942 ## - ADDED ENTRY ELEMENTS (KOHA)
Classification part Y9 (W94), Q5
Koha item type General Books
Source of classification or shelving scheme Colon Classification (CC)
Holdings
Withdrawn status Lost status Damaged status Not for loan Home library Current library Date acquired Source of acquisition Cost, normal purchase price Total Checkouts Full call number Barcode Date last seen Cost, replacement price Price effective from Koha item type
        Ratan Tata Library Ratan Tata Library 2022-09-26 45103, 12/10/2015, Segment Book Distributors 5111.22   Y9 (W94) Q5 RT1499229 2022-09-26 5111.22 2022-09-26 General Books
Copyright @ Delhi University Library System